Normal view
MARC view
Entry Personal Name
001 - CONTROL NUMBER
- control field: 49258
003 - CONTROL NUMBER IDENTIFIER
- control field: ARRUPE
005 - DATE AND TIME OF LATEST TRANSACTION
- control field: 20200203092035.0
008 - FIXED-LENGTH DATA ELEMENTS
- fixed length control field: 200203|| aca||aabn | a|a d
040 ## - CATALOGING SOURCE
- Original cataloging agency: ARRUPE
- Transcribing agency: ARRUPE
100 ## - HEADING--PERSONAL NAME
- Personal name: Johns, Adrian.
670 ## - SOURCE DATA FOUND
- Source citation: Work cat.: (ARRUPE)0: Johns, Adrian., The nature of the book :, 1998.